000 02466cam a2200313 4500500
005 20260329021145.0
041 _afre
042 _adc
100 1 0 _aUsunier, Laurence
_eauthor
245 0 0 _aConflit de nationalités et litispendance internationale dans le cadre d’un divorce franco-marocain
260 _c2026.
500 _a10
520 _aL’accueil de l’exception de litispendance internationale prévue au troisième alinéa de l’article 11 de la Convention franco-marocaine du 10 août 1981 relative au statut des personnes et de la famille et à la coopération judiciaire est exclu si la décision à intervenir du juge marocain n’est pas susceptible d’être reconnue en France. Au nombre des conditions de cette reconnaissance, que le juge français doit vérifier avant de surseoir à statuer, figure la compétence indirecte du juge marocain, telle qu’elle est définie aux premier et deuxième alinéas du même article. Le principe suivant lequel, en cas de cumul de nationalités, la nationalité française est seule prise en considération par les tribunaux français n’a pas lieu d’être appliqué dans l’examen de la compétence indirecte du juge étranger. La compétence indirecte du juge marocain est donc établie en application de l’article 11, alinéa 2, de la Convention franco-marocaine du 10 août 1981 relative au statut des personnes et de la famille et à la coopération judiciaire, lorsque les époux ont tous deux la nationalité marocaine, peu important qu’ils aient également la nationalité française.
690 _aCompétence indirecte du juge marocain premier saisi
690 _aConditions
690 _aCONFLIT DE JURIDICTIONS
690 _aConflit de nationalités
690 _aContrôle de la compétence indirecte
690 _aConvention franco-marocaine du 10 août 1981
690 _aCumul de nationalités
690 _aDécision étrangère susceptible d’être reconnue en France
690 _aDivorce
690 _aException de litispendance
690 _aNATIONALITÉ
690 _aNationalité commune des époux
690 _aPrise en considération de la seule nationalité française (non)
786 0 _nRevue critique de droit international privé | Octobre-Décembre | 4 | 2026-03-04 | p. 886-896 | 0035-0958
856 4 1 _uhttps://droit.cairn.info/revue-revue-critique-de-droit-international-prive-2025-4-page-886?lang=fr&redirect-ssocas=7080
999 _c1910446
_d1910446